000 00754nam a2200229 a 4500
001 000005579
005 20200929151722.0
008 090820s1994 sp bc 001 0 spa d
020 _a8487111440
040 _aDO-SdBNP
082 _axxxx
_bP438l
100 1 _aPérez Miguel, Aurora
_915763
245 1 0 _aLugares de magia y aventura :
_brecuerdos de una viajera /
_cAurora Pérez Miguel ; prólogo Ana Cristina Navarro.
260 _aMadrid, :
_bDoce Calles ; CSIC,
_c1994.
300 _a249 p. :
_bretr., map.
490 1 _aEl Cóndor
500 _aIncluye índices
700 1 _aNavarro, Ana Cristina,
_epról.
_915764
710 1 _aConsejo Superior de Investigaciones Científicas
_94786
830 0 _aColección El Cóndor
_915765
049 _aBNPD
999 _c5378
_d5378